00733nam a22002177a 4500003000500000005001700005008004100022010001000063011001000073035001000083040000900093082001700102110005700119245012900176260004000305300001100345490004100356650004600397650003100443830004100474CHAP20220817041912.0971013s1976 r 00010 d a28205 a29177 a33288 cCHAP a506bC6 1974 aConsejo Nacional de Ciencia y Tecnología. México aDirectorio nacional de instituciones que realizan investigación y desarrollo experimentalb: período de captación 1974 aMéxico, D.F. :bEl Consejo,c1976 a397 p. aSerie directorios y catálogosv; 114aInstituciones científicasxDirectorios.14aInvestigaciónxMéxico.0 aSerie directorios y catálogosv; 1